| 000 | 00642nam a2200253Ia 4500 | ||
|---|---|---|---|
| 008 | 171120s9999 xx 000 0 und d | ||
| 020 | _a9.7816032088e+012 | ||
| 050 | _a912 | ||
| 050 | _bC989 2011 | ||
| 100 | _aCutler, Nellie Gonzalez | ||
| 245 | _aTime for kids world atlas / | ||
| 245 | _cby Nellie Gonzalez Cutler. | ||
| 260 | _aNew York : | ||
| 260 | _bTime Home Entertainment Inc., | ||
| 260 | _c2011 | ||
| 300 | _a144 pages : | ||
| 300 | _bcolor illustrations ; | ||
| 300 | _c27cm. | ||
| 500 | _aIncludes index. | ||
| 650 | _aAtlases. | ||
| 650 | _aChildren's atlases. | ||
| 650 | _aGeography. | ||
| 700 | _aTitle. | ||
| 999 |
_c345210 _d345210 |
||